[Event "FRA-ch blind 30th"]
[Site "Arras"]
[Date "2014.06.01"]
[Round "7"]
[White "Hennuyer, Samuel"]
[Black "Schmeisser, Alex"]
[Result "1-0"]
[WhiteElo "1745"]
[BlackElo "1390"]
[PlyCount "67"]
[EventDate "2014.05.30"]
[EventType "swiss"]
[EventRounds "7"]
[EventCountry "FRA"]
[SourceTitle "EXT 2015"]
[Source "ChessBase"]
[SourceDate "2014.11.20"]
[SourceVersion "1"]
[SourceVersionDate "2014.11.20"]
[SourceQuality "1"]

1. d4 f5 2. f4 e6 3. Nf3 Nf6 4. g3 Be7 5. Bg2 d6 6. c3 Bd7 7. Qb3 Qc8 8. Ng5 Nc6 9. Nd2 h6 10. Nh3 0-0 11. e4 Kh8 12. e5 Ng4 13. Nf3 d5 14. Nhg1 Na5 15. Qd1 Nc4 16. h3 Nge3 17. Bxe3 Nxe3 18. Qe2 Nxg2+ 19. Qxg2 a5 20. h4 h5 21. Ng5 Qe8 22. Qe2 b5 23. N1f3 b4 24. c4 c6 25. Rc1 Rc8 26. Nd2 a4 27. Kf2 Qg6 28. Rc2 c5 29. cxd5 cxd4 30. Rxc8 Rxc8 31. dxe6 Bxe6 32. Qa6 Bf7 33. Nxf7+ Qxf7 34. Qxc8+ 1-0

[Event "FRA-ch blind 30th"]
[Site "Arras"]
[Date "2014.06.01"]
[Round "6"]
[White "Hervais, Adrien"]
[Black "Hennuyer, Samuel"]
[Result "1-0"]
[WhiteElo "1973"]
[BlackElo "1745"]
[PlyCount "71"]
[EventDate "2014.05.30"]
[EventType "swiss"]
[EventRounds "7"]
[EventCountry "FRA"]
[SourceTitle "EXT 2015"]
[Source "ChessBase"]
[SourceDate "2014.11.20"]
[SourceVersion "1"]
[SourceVersionDate "2014.11.20"]
[SourceQuality "1"]

1. e4 e6 2. d4 f5 3. Bd3 d5 4. exf5 exf5 5. Nf3 Nf6 6. 0-0 Be7 7. Nh4 g6 8. Bg5 0-0 9. Re1 Ne4 10. Bxe7 Qxe7 11. Nf3 Nd7 12. Qc1 Ndf6 13. h3 c5 14. c4 Be6 15. cxd5 Bxd5 16. Nc3 cxd4 17. Nxd5 Nxd5 18. Qc4 Rad8 19. Nxd4 Qh4 20. Bxe4 fxe4 21. Nf3 Rxf3 22. gxf3 Qg5+ 23. Kh1 exf3 24. Rg1 Qf5 25. Rg3 Rd7 26. Rd1 Kg7 27. Qg4 Qxg4 28. hxg4 Nf6 29. Rxd7+ Nxd7 30. Rxf3 Ne5 31. Rf4 Nd3 32. Rd4 Nxb2 33. Rb4 Nd3 34. Rxb7+ Kf6 35. Kg2 a6 36. Rb6+ 1-0

[Event "FRA-ch blind 30th"]
[Site "Arras"]
[Date "2014.05.31"]
[Round "3"]
[White "Hennuyer, Samuel"]
[Black "Loyarte, Frederic"]
[Result "1-0"]
[WhiteElo "1745"]
[BlackElo "1439"]
[PlyCount "119"]
[EventDate "2014.05.30"]
[EventType "swiss"]
[EventRounds "7"]
[EventCountry "FRA"]
[SourceTitle "EXT 2015"]
[Source "ChessBase"]
[SourceDate "2014.11.20"]
[SourceVersion "1"]
[SourceVersionDate "2014.11.20"]
[SourceQuality "1"]

1. d4 Nf6 2. f4 g6 3. Nf3 d5 4. Ne5 Nbd7 5. Nd2 Nxe5 6. fxe5 Ne4 7. g3 Bf5 8. Bg2 h5 9. Bxe4 dxe4 10. Nc4 b5 11. Ne3 Qd7 12. 0-0 Bh3 13. Rf4 Bh6 14. Rxe4 Bxe3+ 15. Rxe3 Qd5 16. Rf3 h4 17. Bf4 0-0-0 18. Qd3 Bf5 19. Qc3 Qxd4+ 20. Qxd4 Rxd4 21. Rc3 hxg3 22. Bxg3 Rd2 23. Re1 Rxc2 24. Rxc2 Bxc2 25. Rc1 Be4 26. e6 c6 27. exf7 Rf8 28. a4 bxa4 29. Rc4 Bd5 30. Rxa4 Rxf7 31. e4 Bb3 32. Rxa7 e5 33. Rxf7 Bxf7 34. Bxe5 Be6 35. Kf2 g5 36. Ke3 Kb7 37. Bf6 g4 38. b4 Kc7 39. Kd4 Kd7 40. Ke5 Bc4 41. Bh4 Be6 42. Kf4 Kd6 43. Bf2 Kc7 44. Bc5 Kd7 45. Kg5 Ke8 46. Kf6 Bc4 47. e5 Bd5 48. e6 Bc4 49. Ke5 Bd5 50. Kd6 Be4 51. Bd4 Bd5 52. b5 Bxe6 53. Kxe6 cxb5 54. Kf5 Kf7 55. Kxg4 Kg6 56. h4 Kh6 57. h5 b4 58. Be3+ Kh7 59. Kg5 b3 60. Bd4 1-0

[Event "FRA-ch blind 30th"]
[Site "Arras"]
[Date "2014.05.30"]
[Round "1"]
[White "Hennuyer, Samuel"]
[Black "Duthoit, Bernard"]
[Result "0-1"]
[WhiteElo "1745"]
[BlackElo "1360"]
[PlyCount "72"]
[EventDate "2014.05.30"]
[EventType "swiss"]
[EventRounds "7"]
[EventCountry "FRA"]
[SourceTitle "EXT 2015"]
[Source "ChessBase"]
[SourceDate "2014.11.20"]
[SourceVersion "1"]
[SourceVersionDate "2014.11.20"]
[SourceQuality "1"]

1. d4 d5 2. f4 Nc6 3. Nf3 Bg4 4. e3 e6 5. c3 Nf6 6. Nbd2 Be7 7. Bd3 0-0 8. Qc2 h6 9. 0-0 a6 10. e4 dxe4 11. Nxe4 g6 12. Nxf6+ Bxf6 13. Bxg6 Bxf3 14. Bh7+ Kh8 15. Rxf3 Bxd4+ 16. cxd4 Nxd4 17. Qd3 Nxf3+ 18. gxf3 f5 19. Qxd8 Raxd8 20. Bxf5 Rd1+ 21. Kf2 Rxf5 22. b3 Kg8 23. Kg3 Rc5 24. Bb2 Rxa1 25. Bxa1 b5 26. Bd4 Rc2 27. Be5 c5 28. Bd6 c4 29. bxc4 Rxc4 30. a3 a5 31. Kf2 b4 32. f5 exf5 33. axb4 axb4 34. Ke3 b3 35. Be5 Rc2 36. Kd3 Rf2 0-1

[Event "Bethune op-B 25th"]
[Site "Bethune"]
[Date "2004.12.28"]
[Round "5"]
[White "Damarez, Philippe"]
[Black "Hennuyer, Samuel"]
[Result "0-1"]
[WhiteElo "1450"]
[BlackElo "1630"]
[PlyCount "80"]
[EventDate "2004.12.26"]
[EventType "swiss"]
[EventRounds "7"]
[EventCountry "FRA"]
[SourceTitle "EXT 2006"]
[Source "ChessBase"]
[SourceDate "2005.11.24"]
[SourceVersion "1"]
[SourceVersionDate "2005.11.24"]
[SourceQuality "1"]

1. e4 c6 2. d4 e6 3. Nf3 d5 4. exd5 exd5 5. Be3 Bd6 6. h3 Nf6 7. Bd3 h6 8. Nbd2 Be6 9. c3 Qc7 10. Qc2 Nbd7 11. Nb3 b6 12. Nh4 g6 13. Qd2 0-0-0 14. 0-0-0 Rde8 15. Qc2 Bf4 16. Nd2 Bxe3 17. fxe3 Qg3 18. Ndf3 Ne4 19. Bxe4 dxe4 20. Qxe4 Bd5 21. Qd3 Be4 22. Qc4 g5 23. Nf5 Bxf5 24. Qxc6+ Kb8 25. Rhe1 Qc7 26. Qd5 Be6 27. Qb5 Bxa2 28. d5 Bc4 29. Qa4 b5 30. Qa3 Qc5 31. Qa5 Rxe3 32. d6 Rhe8 33. Rxe3 Qxe3+ 34. Kb1 Qb6 35. Qxb6+ Nxb6 36. d7 Rd8 37. Ne5 Kc7 38. Nxf7 Bxf7 39. Rf1 Rxd7 40. Rf6 h5 0-1

[Event "Bethune op-B 25th"]
[Site "Bethune"]
[Date "2004.12.28"]
[Round "4"]
[White "Hennuyer, Samuel"]
[Black "Liparo, Alexandra"]
[Result "1-0"]
[WhiteElo "1630"]
[BlackElo "1370"]
[PlyCount "97"]
[EventDate "2004.12.26"]
[EventType "swiss"]
[EventRounds "7"]
[EventCountry "FRA"]
[SourceTitle "EXT 2006"]
[Source "ChessBase"]
[SourceDate "2005.11.24"]
[SourceVersion "1"]
[SourceVersionDate "2005.11.24"]
[SourceQuality "1"]

1. d4 d5 2. Bf4 Nf6 3. h3 Bf5 4. Nf3 e6 5. e3 Be7 6. Be2 0-0 7. 0-0 Nc6 8. a3 a6 9. Nbd2 Qd7 10. c4 Rfe8 11. b4 dxc4 12. Nxc4 b5 13. Nce5 Nxe5 14. Nxe5 Qc8 15. Rc1 Bd6 16. Bf3 Ne4 17. Nd3 Bxf4 18. Nxf4 Ra7 19. g4 e5 20. dxe5 Rd8 21. Nd5 Kh8 22. gxf5 Qxf5 23. Qd4 Ng5 24. Bg4 Qg6 25. Kh2 Rb7 26. Ne7 Rxd4 27. Nxg6+ fxg6 28. exd4 h5 29. f4 Nf7 30. Bc8 Ra7 31. e6 Nd6 32. e7 Kh7 33. Rc6 Ra8 34. Rxc7 a5 35. Rd7 Rxc8 36. Rxd6 axb4 37. axb4 g5 38. fxg5 h4 39. Rf8 Rc2+ 40. Kg1 Rc1+ 41. Kf2 Rc2+ 42. Kf3 Rc3+ 43. Kg4 Rg3+ 44. Kf4 Rxg5 45. Rh8+ Kxh8 46. Kxg5 Kg8 47. e8Q+ Kh7 48. Qg6+ Kh8 49. Rd8# 1-0

[Event "Bethune op-B 24th"]
[Site "Bethune"]
[Date "2003.12.30"]
[Round "7"]
[White "Westrick, Erik"]
[Black "Hennuyer, Samuel"]
[Result "1-0"]
[WhiteElo "1590"]
[BlackElo "1740"]
[PlyCount "105"]
[EventDate "2003.12.26"]
[EventType "swiss"]
[EventRounds "9"]
[EventCountry "FRA"]
[SourceTitle "EXT 2005"]
[Source "ChessBase"]
[SourceDate "2004.11.15"]
[SourceVersion "1"]
[SourceVersionDate "2004.11.15"]
[SourceQuality "1"]

1. d4 d5 2. c4 Bf5 3. Nf3 h6 4. cxd5 Qxd5 5. Nc3 Qd8 6. e4 Bg4 7. Be2 e6 8. 0-0 Bb4 9. Qa4+ Nc6 10. Ne5 Bxe2 11. Nxc6 bxc6 12. Qxc6+ Kf8 13. Nxe2 Ne7 14. Qc4 Ba5 15. b4 Bb6 16. a4 a5 17. Ba3 Kg8 18. b5 Nc8 19. Bb2 Nd6 20. Qd3 Qf6 21. e5 Qf5 22. Qb3 Ne4 23. Qc2 Rd8 24. Rad1 Rd5 25. Nc3 Rxd4 26. Rxd4 Bxd4 27. Qxe4 Qxe4 28. Nxe4 Bxb2 29. f4 Kh7 30. Rd1 Kg6 31. Kf2 Ba3 32. Rd3 Bb4 33. Kf3 Rc8 34. Rd7 Ba3 35. Nd2 Bc5 36. Nc4 Bb6 37. Ke4 Bg1 38. h3 Bb6 39. g4 Rf8 40. f5+ Kg5 41. fxe6 fxe6 42. Rxg7+ Kh4 43. Rg6 Kxh3 44. Rxh6+ Kxg4 45. Rg6+ Kh5 46. Rxe6 Kg5 47. Rf6 Rh8 48. Nxb6 Rh4+ 49. Kd5 cxb6 50. Rxb6 Rxa4 51. Rb8 Ra1 52. b6 a4 53. b7 1-0

[Event "Bethune op-B 24th"]
[Site "Bethune"]
[Date "2003.12.27"]
[Round "3"]
[White "Aine, Olivier"]
[Black "Hennuyer, Samuel"]
[Result "0-1"]
[WhiteElo "1540"]
[BlackElo "1740"]
[PlyCount "80"]
[EventDate "2003.12.26"]
[EventType "swiss"]
[EventRounds "9"]
[EventCountry "FRA"]
[SourceTitle "EXT 2005"]
[Source "ChessBase"]
[SourceDate "2004.11.15"]
[SourceVersion "1"]
[SourceVersionDate "2004.11.15"]
[SourceQuality "1"]

1. e4 c6 2. d4 d5 3. e5 Bf5 4. Nc3 e6 5. Bd3 Bxd3 6. Qxd3 Ne7 7. f4 Nf5 8. Nf3 c5 9. Be3 c4 10. Qe2 Qb6 11. Nd1 Nc6 12. c3 Be7 13. 0-0 0-0 14. Ng5 h6 15. Nh3 Qd8 16. Bc1 b5 17. Ne3 Nxe3 18. Qxe3 f5 19. Rf3 a5 20. Nf2 Bh4 21. g3 Be7 22. g4 Bh4 23. Qe2 Ne7 24. g5 hxg5 25. fxg5 Ng6 26. Nh3 f4 27. Rf1 Qe8 28. Nxf4 Bxg5 29. Nxe6 Rxf1+ 30. Qxf1 Qxe6 31. Bxg5 Rf8 32. Qg2 Qf7 33. Re1 Qe6 34. Re3 Rf7 35. Rg3 Qf5 36. Kh1 Qb1+ 37. Qg1 Rf1 38. Bf6 Rxg1+ 39. Rxg1 Qe4+ 40. Rg2 Nf4 0-1